| 000 | 00385cam a2200157Ia 4500 | ||
|---|---|---|---|
| 020 | _a0870554433 | ||
| 020 | _a9780870554438 | ||
| 040 | _cKUK | ||
| 082 | 0 | 4 | _a635 AVI 1983 C149 Or. |
| 100 | 1 | _aTindall, H. D. | |
| 245 | 1 | 0 | _aVegetables in the tropics / |
| 260 |
_aWestport, Conn : _bAVI, _c1983. |
||
| 300 |
_axi, 533 p. : _bill. ; _c25 cm. |
||
| 650 | 0 | _aVegetables | |
| 942 | _cAEDBB | ||
| 999 |
_c18632 _d18632 |
||